000 00492nam a22001697a 4500
999 _c13938
_d13938
003 OSt
005 20190607102833.0
008 190607b ||||| |||| 00| 0 eng d
040 _cUMDC
082 _22019
_aUT 1302
_bB69
100 _aBolo, Rickson Vincent T.
_938819
245 _aPersonality:
_ban evaluation/
_cRickson Vincent
260 _aDigos City
_bUMDC
_cApril 2019
300 _a59 pages.
_c30 cm
650 _2
_aEducation
_vMathematics
_xUndergraduate thesis
_938820
942 _2ddc
_cUT